00408nam a2200133Ia 4500020001500000040000900015082002600024100001500050245003200065260007100097300003600168650001600204710005400220 a929028031X c4829 a482 LAG 1981 C325 Or.1 aTichit, L.12aL'agriculture au Cambodge / aParis :bAgence de Coop©♭ration Culturelle et Technique,cc1981 a423 p. :b2 fold. maps ;c24 cm 0aAgriculture2 aAgence de coop©♭ration culturelle et technique